00728nam a2200241 a 4500001001300000003000900013005001700022008004100039020002300080082001500103100001900118245005800137260003200195300000900227500003500236505001000271650002600281650001900307902000800326942000700334952012800341999001700469nice12345678IN_TiNIC20260116014223.0070417s2006 dela grp 000 0 eng  a8189013807 c59500a305.3bWEL aWelchman, Lynn aHonourb Crime, Paradigms, and Violence Against Women aDelhibKali for Womenc2006 a384p aincludes index and biblioraphy2 aindex aGender Discrimination aWomen-Violence bSRS cBK 001040708StackRoom-aHMIbHMId2007-04-17g595.00l1o305.3 WELp021665r2017-07-13s2017-07-10v595.00w2007-04-17yBK c14388d14388